<?xml version="1.0" encoding="UTF-8"?>
<collection xmlns="http://www.loc.gov/MARC21/slim">
 <record>
  <leader>02387nam a2200373 a 4500</leader>
  <controlfield tag="001">4841</controlfield>
  <controlfield tag="003">BD-DhAAL</controlfield>
  <controlfield tag="008">100208s2004    bg       b    101 0 eng d</controlfield>
  <datafield tag="010" ind1=" " ind2=" ">
   <subfield code="a">  2004327047</subfield>
  </datafield>
  <datafield tag="020" ind1=" " ind2=" ">
   <subfield code="a">9840516922</subfield>
  </datafield>
  <datafield tag="040" ind1=" " ind2=" ">
   <subfield code="a">DLC</subfield>
   <subfield code="c">DLC</subfield>
   <subfield code="d">BD-DhAAL</subfield>
  </datafield>
  <datafield tag="082" ind1=" " ind2=" ">
   <subfield code="a">332.71095492</subfield>
   <subfield code="2">21</subfield>
  </datafield>
  <datafield tag="111" ind1="2" ind2=" ">
   <subfield code="a">International Seminar on &quot;Attacking Poverty with Microcredit&quot;</subfield>
   <subfield code="d">(2003 :</subfield>
   <subfield code="c">PKSF Bhaban, Dhaka)</subfield>
   <subfield code="9">38261</subfield>
  </datafield>
  <datafield tag="245" ind1="1" ind2="0">
   <subfield code="a">Attacking poverty with microcredit /</subfield>
   <subfield code="c">edited by Salehuddin Ahmed and M.A. Hakim.</subfield>
  </datafield>
  <datafield tag="260" ind1=" " ind2=" ">
   <subfield code="a">Dhaka :</subfield>
   <subfield code="b">Palli Karma-Sahayak Foundation :</subfield>
   <subfield code="b">The University Press Limited,</subfield>
   <subfield code="c">2004.</subfield>
  </datafield>
  <datafield tag="300" ind1=" " ind2=" ">
   <subfield code="a">xi, 232 pages ;</subfield>
   <subfield code="c">22 cm.</subfield>
  </datafield>
  <datafield tag="504" ind1=" " ind2=" ">
   <subfield code="a">Includes bibliographical references and index.</subfield>
  </datafield>
  <datafield tag="520" ind1=" " ind2=" ">
   <subfield code="a">Papers presented at the conference held at PKSF Bhaban, Dhaka; with reference most to Bangladesh.</subfield>
  </datafield>
  <datafield tag="526" ind1=" " ind2=" ">
   <subfield code="a">BIED</subfield>
   <subfield code="x">Syed M. Hashemi
Director, BDI.
Course name and no. N/A</subfield>
  </datafield>
  <datafield tag="541" ind1=" " ind2=" ">
   <subfield code="a">Complimentary copy from BIED
University press </subfield>
   <subfield code="e">4841, 16473, 35975</subfield>
  </datafield>
  <datafield tag="650" ind1=" " ind2="0">
   <subfield code="a">Microfinance</subfield>
   <subfield code="z">Bangladesh</subfield>
   <subfield code="v">Congresses.</subfield>
   <subfield code="9">38262</subfield>
  </datafield>
  <datafield tag="650" ind1=" " ind2="0">
   <subfield code="a">Rural credit</subfield>
   <subfield code="z">Bangladesh</subfield>
   <subfield code="v">Congresses.</subfield>
   <subfield code="9">38263</subfield>
  </datafield>
  <datafield tag="650" ind1=" " ind2="0">
   <subfield code="a">Poor</subfield>
   <subfield code="z">Bangladesh</subfield>
   <subfield code="v">Congresses.</subfield>
   <subfield code="9">38264</subfield>
  </datafield>
  <datafield tag="700" ind1="1" ind2=" ">
   <subfield code="a">Ahmed, Salehuddin,</subfield>
   <subfield code="d">1949-</subfield>
   <subfield code="9">38265</subfield>
  </datafield>
  <datafield tag="700" ind1="1" ind2=" ">
   <subfield code="a">Hakim, Muhammed Abdul.</subfield>
   <subfield code="9">38266</subfield>
  </datafield>
  <datafield tag="710" ind1="2" ind2=" ">
   <subfield code="a">Palli Karma-Sahayak Foundation (Bangladesh)</subfield>
   <subfield code="9">38267</subfield>
  </datafield>
  <datafield tag="852" ind1="4" ind2=" ">
   <subfield code="a">Ayesha Abed Library</subfield>
   <subfield code="c">General Stacks</subfield>
  </datafield>
  <datafield tag="942" ind1=" " ind2=" ">
   <subfield code="2">ddc</subfield>
   <subfield code="c">BK</subfield>
  </datafield>
  <datafield tag="999" ind1=" " ind2=" ">
   <subfield code="c">7366</subfield>
   <subfield code="d">7366</subfield>
  </datafield>
  <datafield tag="952" ind1=" " ind2=" ">
   <subfield code="0">0</subfield>
   <subfield code="1">0</subfield>
   <subfield code="2">ddc</subfield>
   <subfield code="4">0</subfield>
   <subfield code="6">332_710954920000000_ATT_2004</subfield>
   <subfield code="7">0</subfield>
   <subfield code="9">7862</subfield>
   <subfield code="a">BRACUL</subfield>
   <subfield code="b">BRACUL</subfield>
   <subfield code="c">GEN</subfield>
   <subfield code="d">2010-02-08</subfield>
   <subfield code="l">0</subfield>
   <subfield code="o">332.71095492 ATT</subfield>
   <subfield code="p">3010016473</subfield>
   <subfield code="r">2010-02-08</subfield>
   <subfield code="t">3</subfield>
   <subfield code="w">2010-02-08</subfield>
   <subfield code="y">BK</subfield>
  </datafield>
  <datafield tag="952" ind1=" " ind2=" ">
   <subfield code="0">0</subfield>
   <subfield code="1">0</subfield>
   <subfield code="2">ddc</subfield>
   <subfield code="4">0</subfield>
   <subfield code="6">332_710954920000000_ATT</subfield>
   <subfield code="7">0</subfield>
   <subfield code="9">43024</subfield>
   <subfield code="a">SCL</subfield>
   <subfield code="b">SCL</subfield>
   <subfield code="c">GEN</subfield>
   <subfield code="d">2004-05-18</subfield>
   <subfield code="g">275.00</subfield>
   <subfield code="l">0</subfield>
   <subfield code="o">332.71095492 ATT</subfield>
   <subfield code="p">3020004841</subfield>
   <subfield code="r">2014-07-08</subfield>
   <subfield code="t">1</subfield>
   <subfield code="w">2014-07-08</subfield>
   <subfield code="y">BK</subfield>
  </datafield>
  <datafield tag="952" ind1=" " ind2=" ">
   <subfield code="0">0</subfield>
   <subfield code="1">0</subfield>
   <subfield code="2">ddc</subfield>
   <subfield code="4">0</subfield>
   <subfield code="6">332_710954920000000_ATT</subfield>
   <subfield code="7">0</subfield>
   <subfield code="9">54278</subfield>
   <subfield code="a">SCL</subfield>
   <subfield code="b">SCL</subfield>
   <subfield code="c">GEN</subfield>
   <subfield code="d">2015-06-14</subfield>
   <subfield code="g">275.00</subfield>
   <subfield code="l">1</subfield>
   <subfield code="o">332.71095492 ATT</subfield>
   <subfield code="p">3020005835</subfield>
   <subfield code="r">2017-10-31</subfield>
   <subfield code="s">2017-10-30</subfield>
   <subfield code="t">2</subfield>
   <subfield code="w">2015-06-14</subfield>
   <subfield code="y">BK</subfield>
  </datafield>
  <datafield tag="952" ind1=" " ind2=" ">
   <subfield code="0">0</subfield>
   <subfield code="1">0</subfield>
   <subfield code="2">ddc</subfield>
   <subfield code="4">0</subfield>
   <subfield code="6">332_710954920000000_ATT</subfield>
   <subfield code="7">0</subfield>
   <subfield code="9">67434</subfield>
   <subfield code="a">BRACUL</subfield>
   <subfield code="b">BRACUL</subfield>
   <subfield code="c">GEN</subfield>
   <subfield code="d">2019-12-11</subfield>
   <subfield code="e">Complimentary copy from BIED</subfield>
   <subfield code="l">0</subfield>
   <subfield code="o">332.71095492 ATT</subfield>
   <subfield code="p">3010035975</subfield>
   <subfield code="r">2019-12-11</subfield>
   <subfield code="t">5</subfield>
   <subfield code="w">2019-12-11</subfield>
   <subfield code="y">BK</subfield>
   <subfield code="x">Transferred from BIED to General Stacks</subfield>
  </datafield>
  <datafield tag="952" ind1=" " ind2=" ">
   <subfield code="0">0</subfield>
   <subfield code="1">0</subfield>
   <subfield code="2">ddc</subfield>
   <subfield code="4">0</subfield>
   <subfield code="6">332_710954920000000_ATT</subfield>
   <subfield code="7">0</subfield>
   <subfield code="9">73790</subfield>
   <subfield code="a">BIGD</subfield>
   <subfield code="b">BIGD</subfield>
   <subfield code="c">GEN</subfield>
   <subfield code="d">2023-06-12</subfield>
   <subfield code="e">University press </subfield>
   <subfield code="g">275.00</subfield>
   <subfield code="l">0</subfield>
   <subfield code="o">332.71095492 ATT</subfield>
   <subfield code="p">3050018224</subfield>
   <subfield code="r">2023-06-12</subfield>
   <subfield code="t">4</subfield>
   <subfield code="w">2023-06-12</subfield>
   <subfield code="y">BK</subfield>
   <subfield code="x">Transferred from BDI to BIGD.Requisitioned by Syed M. Hashemi Director, BDI. Course name and no. N/A</subfield>
  </datafield>
 </record>
</collection>
